Tribhuvan University Central Library

Handbook of rules and regulations for (Record no. 49295)

MARC details
000 -LEADER
fixed length control field 00528 a2200181 4500
041 ## - LANGUAGE CODE
Language code of text/sound track or separate title Eng
082 ## - DEWEY DECIMAL CLASSIFICATION NUMBER
Classification number 371.75026
Item number As78h
100 ## - MAIN ENTRY--PERSONAL NAME
Personal name Association of Indian Universities
245 ## - TITLE STATEMENT
Title Handbook of rules and regulations for
260 ## - PUBLICATION, DISTRIBUTION, ETC.
Place of publication, distribution, etc. New Delhi
Name of publisher, distributor, etc. Association of Indian Universities
Date of publication, distribution, etc. 1984
300 ## - PHYSICAL DESCRIPTION
Extent xi, 165p.
650 ## - SUBJECT ADDED ENTRY--TOPICAL TERM
Topical term or geographic name entry element School education
650 ## - SUBJECT ADDED ENTRY--TOPICAL TERM
Topical term or geographic name entry element University and colleges sports
9 (RLIN) 8735
650 ## - SUBJECT ADDED ENTRY--TOPICAL TERM
Topical term or geographic name entry element Tournaments
9 (RLIN) 5935
650 ## - SUBJECT ADDED ENTRY--TOPICAL TERM
Topical term or geographic name entry element Law and legislation
9 (RLIN) 5132
653 ## - INDEX TERM--UNCONTROLLED
Uncontrolled term Special education
942 ## - ADDED ENTRY ELEMENTS (KOHA)
Source of classification or shelving scheme Dewey Decimal Classification
Koha item type AS
Holdings
Withdrawn status Lost status Source of classification or shelving scheme Damaged status Not for loan Home library Current library Date acquired Total Checkouts Full call number Barcode Date last seen Price effective from Koha item type
    Dewey Decimal Classification     Tribhuvan University Central Library Tribhuvan University Central Library 12/20/2010   371.75026 As78h 109237 12/20/2010 12/20/2010 AS